LEADER 01450cam0-2200409---450- 001 990004328110403321 005 20101026115234.0 035 $a000432811 035 $aFED01000432811 035 $a(Aleph)000432811FED01 035 $a000432811 100 $a19990604d1952----km-y0itay50------ba 101 0 $aita 102 $aIT 105 $aaf------10-yy 200 1 $aAtti del 1. congresso internazionale di studi longobardi$eSpoleto, 27-30 settembre 1951$fCentro Italiano di Studi sull'Alto Medioevo 210 $aSpoleto$cTip. Panetto e Petrelli$d1952 215 $a538 p., [32] c. di tav.$cill.$d25 cm 610 0 $aRegno longobardo$aCongressi$aSpoleto$a1951 610 0 $aLongobardi$aConvegni$a1951 676 $a945.015 710 12$aCongresso internazionale di studi longobardi$d<1. ;$f1951 ;$eSpoleto>$0286568 712 02$aCentro italiano di studi sull'alto medioevo 801 0$aIT$bUNINA$gRICA$2UNIMARC 901 $aBK 912 $a990004328110403321 952 $aCONGRESSI L 1$b40291$fFGBC 952 $a945.015 CONV SPOLETO 1951 BIS$bBibl.7810$fFLFBC 952 $aCONGR. L 1$b40291$fFGBC 952 $a945.015 CONV SPOLETO 1951$bIST.GLOTT. S.I.$fFLFBC 952 $a945.015 CONV SPOLETO 1951 TER$bST.ARTE 12442$fFLFBC 952 $aSDI-XXVIII G 1$bs.i.$fSDI 959 $aFGBC 959 $aFLFBC 959 $aSDI 996 $aAtti del 1. congresso internazionale di studi longobardi$9487593 997 $aUNINA LEADER 01182nam0-22003371i-450- 001 990007937290403321 005 20050209133525.0 010 $a88-14-04110-5 020 $aIT$bEDI-475 035 $a000793729 035 $aFED01000793729 035 $a(Aleph)000793729FED01 035 $a000793729 100 $a20041025d1993----km-y0itay50------ba 101 0 $aita 102 $aIT 105 $ay-------001yy 200 1 $aCome si affitta un immobile$eguida pratica per locare un immobile, con consigli economici, contrattuali e fiscali per qualunque tipo di locazione e per i contratti in deroga alle limitazioni legali vigenti$fFrancesco Tamborrino 210 $aMilano$cGiuffrè$d1993 215 $a154 p.$d24 cm 225 1 $aCosa & come 300 $aIn appendice: Testi contrattuali predisposti dalle organizzazioni di categoria con deroghe all'equo canone per le abitazioni non nuove 676 $a346.4504346$v19$zita 700 1$aTamborrino,$bFrancesco$09567 801 0$aIT$bUNINA$gRICA$2UNIMARC 901 $aBK 912 $a990007937290403321 952 $aP 91$bs.i.$fDSS 959 $aDSS 996 $aCome si affitta un immobile$9638755 997 $aUNINA LEADER 01874nam 2200361 n 450 001 996390241403316 005 20221108052849.0 035 $a(CKB)1000000000654744 035 $a(EEBO)2240862881 035 $a(UnM)99835907 035 $a(EXLCZ)991000000000654744 100 $a19900816d1635 uy | 101 0 $aeng 135 $aurbn||||a|bb| 200 04$aThe vvorkes of that late reuerend diuine Master Daniel Dike, Batchelor in Diuinity. The first part. Containing Sermons on the CXXIIII Psalme. A treatise of repentance. A treatise of Christs temptation. The deceitfulnesse of mans heart$b[electronic resource] 210 $a[London $cPrinted by John Beale$d1635] 215 $a3 parts 300 $aContains reissues of "Comfortable sermons upon the CXXIIII Psalme" (STC 7397); "Two treatises: the one of repentance, the other of Christs temptations", the fifth or sixth impressions (STC 7409 or 7409a); and "The mystery of selfe-deceiving", 1633 or 1634 (STC 7405 or 7406). 300 $aVariant: title page partly in a different imposition; "Deceitfulness" is listed first and "Sermons" last; with an imprint with the printer's name. 300 $aReproduction of the original in the Henry E. Huntington Library and Art Gallery. 330 $aeebo-0113 700 $aDyke$b Daniel$fd. 1614.$01004969 702 $aDyke$b Daniel$fd. 1614.$4aut 702 $aDyke$b Daniel$fd. 1614.$4aut 702 $aDyke$b Daniel$fd. 1614.$4aut 801 0$bCu-RivES 801 1$bCu-RivES 801 2$bCStRLIN 801 2$bWaOLN 906 $aBOOK 912 $a996390241403316 996 $aThe vvorkes of that late reuerend diuine Master Daniel Dike, Batchelor in Diuinity. The first part. Containing Sermons on the CXXIIII Psalme. A treatise of repentance. A treatise of Christs temptation. The deceitfulnesse of mans heart$92347510 997 $aUNISA